01359nam a2200301Ia 450000500170000000800410001702000180005810000420007624500510011825000180016930000250018749000200021250000430023250502180027565000340049365000380052765000430056594200150060826400260062333600270064933700330067633800280070904000350073708400110077299900150078395201250079895201340092320220317001428.0161108s9999 xx 000 0 und d a97884322178071 aCabrera Infante, Guillermod1929-200510aTres tristes tigrescGuillermo Cabrera Infante a1a. edición a491 páginasc19 cm aBooket : novela aIncluye datos biográficos del autor. aLos debutantes -- Seseribó -- La casa de los espejos -- Los visitantes -- Rompecabeza -- La muerte de Trotsky referida por varios escritores cubanos, años después - o antes -- Algunas revelaciones -- Bachata142LEMBaNovela cubanaySiglo XX142LEMBaLiteratura cubanavSiglo XX142LEMBaVida Social Y CostumbresvNovela 2loccBKLIT aBogotábSeix Barral atextobtxt2rdacontent asin mediaciónbn2rdamedia avolumenbnc2rdacarrier aCO-BoRNBPbspaerdacCO-BoRNBP aN CAB7 c6950d6950 00102ddc40708GENaMECASARIbMECASARIcREFd2024-11-12l0oCAB7 Ej.1pBM00486r2024-11-12 18:08:10w2024-11-12yBKLIT 001040708012aMEVIGERRbMEVIGERRcLITd2022-01-29oN CAB7tpECA28252r2024-11-25 15:07:15tEj.1w2024-11-25yBKz21506 | 27217